[Event "Veteranen Seniorenkampioenschap 2009"]
[Site "Oosterbeek, Netherlands"]
[Date "2009.07.11"]
[Round "1"]
[White "Landsbergen, Ron"]
[Black "Vogel, Jaap"]
[Result "0-1"]
[WhiteElo "2002"]
[BlackElo "2231"]
[PlyCount "72"]
[EventDate "2009.??.??"]

1. d4 Nf6 2. Nf3 e6 3. Bf4 c5 4. c3 b6 5. e3 Bb7 6. Nbd2 Be7 7. Bd3 Nc6 8. O-O
Nh5 9. Bg3 f5 10. Ne5 Nxg3 11. Nxc6 Bxc6 12. hxg3 O-O 13. e4 cxd4 14. cxd4 g6
15. f4 b5 16. exf5 Qb6 17. Nf3 gxf5 18. Bc2 Rac8 19. Qd2 Bf6 20. Rad1 a5 21.
Ne5 a4 22. Kh1 Qb7 23. Nxc6 Qxc6 24. Bb1 Qd5 25. Rf3 Rc4 26. Rd3 Rfc8 27. Kh2
b4 28. Qe3 R8c6 29. R3d2 Rd6 30. g4 fxg4 31. Be4 Qh5+ 32. Kg1 Kf7 33. d5 e5 34.
g3 exf4 35. Qxf4 Qe5 36. Bxh7 Rxf4 0-1

[Event "Veteranen Seniorenkampioenschap 2009"]
[Site "Oosterbeek, Netherlands"]
[Date "2009.07.11"]
[Round "1"]
[White "Berg, Ad van den"]
[Black "Plijter, Martin"]
[Result "1-0"]
[WhiteElo "2185"]
[BlackElo "1984"]
[PlyCount "52"]
[EventDate "2009.??.??"]

1. e4 e6 2. d4 d5 3. Nc3 Nf6 4. e5 Nfd7 5. f4 c5 6. Nf3 Nc6 7. Ne2 f6 8. c3
fxe5 9. fxe5 Be7 10. Nf4 Nb6 11. Bd3 cxd4 12. cxd4 O-O 13. Qc2 Bb4+ 14. Ke2 g6
15. Bxg6 Qe7 16. a3 Bd7 17. Bd3 Nxd4+ 18. Nxd4 Rac8 19. Bxh7+ Qxh7 20. Qxh7+
Kxh7 21. axb4 Rc4 22. Nfxe6 Bxe6 23. Nxe6 Rf5 24. Ng5+ Kg6 25. Nf3 Rxb4 26.
Rxa7 Nc4 1-0

[Event "Veteranen Seniorenkampioenschap 2009"]
[Site "Oosterbeek, Netherlands"]
[Date "2009.07.11"]
[Round "1"]
[White "Wilmink, Jan"]
[Black "Thieme, Wim"]
[Result "0-1"]
[WhiteElo "1973"]
[BlackElo "1895"]
[PlyCount "52"]
[EventDate "2009.??.??"]

1. d4 Nf6 2. c4 g6 3. Nc3 d5 4. cxd5 Nxd5 5. e4 Nxc3 6. bxc3 c5 7. Bc4 Bg7 8.
Ne2 O-O 9. O-O Nc6 10. Be3 cxd4 11. cxd4 Na5 12. Bd3 b6 13. Rc1 Bd7 14. Ba6 Bc8
15. Qd3 Bxa6 16. Qxa6 Qd7 17. h3 Rfc8 18. d5 Bb2 19. Rb1 Rc2 20. Bxb6 Nc4 21.
Nd4 Bxd4 22. Bxd4 Qc8 23. Qxc8+ Rxc8 24. Rb7 Nd2 25. Rxe7 Nxf1 26. Kxf1 Rd2 0-1

[Event "Veteranen Seniorenkampioenschap 2009"]
[Site "Oosterbeek, Netherlands"]
[Date "2009.07.11"]
[Round "1"]
[White "Oosten, Arend van"]
[Black "Calje, Tom"]
[Result "1-0"]
[WhiteElo "2129"]
[BlackElo "1947"]
[PlyCount "47"]
[EventDate "2009.??.??"]

1. e4 Nc6 2. d4 e5 3. dxe5 Nxe5 4. f4 Ng6 5. Bc4 Nh6 6. Nf3 Bc5 7. f5 Nh4 8.
Qe2 Nxf3+ 9. Qxf3 O-O 10. Nc3 Re8 11. Qh5 d5 12. Bxd5 Bxf5 13. Bxh6 Bg6 14. Qh3
gxh6 15. O-O-O Qg5+ 16. Kb1 c6 17. Bb3 Rad8 18. Rdf1 h5 19. Qf3 Re7 20. h4 Qe5
21. g4 b5 22. gxh5 Qxh5 23. Qxh5 Bxh5 24. Rf5 1-0

[Event "Veteranen Seniorenkampioenschap 2009"]
[Site "Oosterbeek, Netherlands"]
[Date "2009.07.11"]
[Round "1"]
[White "Scholten, Karel"]
[Black "Etmans, Maarten"]
[Result "0-1"]
[WhiteElo "1944"]
[BlackElo "2118"]
[PlyCount "74"]
[EventDate "2009.??.??"]

1. e4 g6 2. d4 c6 3. Nc3 d5 4. e5 Bg7 5. Bf4 Be6 6. Nf3 Bg4 7. h3 Bxf3 8. Qxf3
e6 9. O-O-O Nd7 10. Kb1 a6 11. g4 c5 12. dxc5 Ne7 13. Na4 Nc6 14. Qe3 O-O 15.
Nb6 Nxb6 16. cxb6 f6 17. Bh6 fxe5 18. Bxg7 Kxg7 19. h4 Qf6 20. Rd2 Qf4 21. g5
Rad8 22. h5 Rd6 23. c4 Nd4 24. h6+ Kg8 25. c5 Rc6 26. b4 Nf3 27. Qxf4 Rxf4 28.
Rb2 Nxg5 29. a3 Ne4 30. Bg2 Nxf2 31. Rf1 Nd3 32. Rxf4 Nxf4 33. Bf1 e4 34. Bxa6
Nd3 35. Bxb7 Ne5 36. Bxc6 Nxc6 37. Re2 Kf7 {vlag} 0-1

[Event "Veteranen Seniorenkampioenschap 2009"]
[Site "Oosterbeek, Netherlands"]
[Date "2009.07.11"]
[Round "1"]
[White "Jonkman, Fokke"]
[Black "Rooi, Paul de"]
[Result "1/2-1/2"]
[WhiteElo "2068"]
[BlackElo "1935"]
[PlyCount "58"]
[EventDate "2009.??.??"]

1. c4 Nf6 2. Nc3 e6 3. e4 d6 4. d4 Be7 5. Nf3 c5 6. Be2 cxd4 7. Nxd4 Nc6 8. Be3
O-O 9. O-O Nxd4 10. Bxd4 b6 11. Rc1 Bb7 12. Qd3 Qc7 13. f4 Rad8 14. Qg3 d5 15.
cxd5 Bc5 16. Nb5 Bxd4+ 17. Nxd4 Qe7 18. Bf3 Qb4 19. Rfd1 exd5 20. Nf5 g6 21.
Rd4 Qxb2 22. Rcd1 Kh8 23. e5 gxf5 24. exf6 Rg8 25. Qf2 Qxf2+ 26. Kxf2 Rg6 27.
Bxd5 Bxd5 28. Rxd5 Rxd5 29. Rxd5 Rxf6 1/2-1/2

[Event "Veteranen Seniorenkampioenschap 2009"]
[Site "Oosterbeek, Netherlands"]
[Date "2009.07.11"]
[Round "1"]
[White "Bremer, Bertus"]
[Black "Herck, Marcel Van"]
[Result "1/2-1/2"]
[WhiteElo "1932"]
[BlackElo "2067"]
[PlyCount "86"]
[EventDate "2009.??.??"]

1. e4 c6 2. Nf3 d5 3. e5 Bg4 4. d4 e6 5. Be2 Nd7 6. Nbd2 Ne7 7. h3 Bxf3 8. Nxf3
c5 9. c3 Nc6 10. O-O Be7 11. Be3 O-O 12. Bd3 cxd4 13. cxd4 Rc8 14. Nh2 g6 15.
Ng4 Qb6 16. Nh6+ Kg7 17. Ng4 Rfd8 18. Qd2 Qb4 19. Qd1 Rc7 20. Rb1 Qb6 21. a3
Na5 22. Qf3 Nc4 23. Bh6+ Kg8 24. Qf4 Rdc8 25. Bg5 Bxg5 26. Qxg5 Qxd4 27. Rfd1
Qc5 28. Bxc4 Qxc4 29. Rdc1 Qxc1+ 30. Rxc1 Rxc1+ 31. Kh2 h5 32. Nh6+ Kg7 33. g4
Nxe5 34. Qxe5+ Kxh6 35. gxh5 R1c2 36. Kg2 Kh7 37. Qf6 R8c7 38. hxg6+ fxg6 39.
h4 R2c4 40. f3 d4 41. Qxe6 d3 42. h5 Rc2+ 43. Kh3 gxh5 1/2-1/2

[Event "Veteranen Seniorenkampioenschap 2009"]
[Site "Oosterbeek, Netherlands"]
[Date "2009.07.11"]
[Round "1"]
[White "Leeuwen, Etienne van"]
[Black "Wouters, Jan"]
[Result "1/2-1/2"]
[WhiteElo "2067"]
[BlackElo "1908"]
[PlyCount "113"]
[EventDate "2009.??.??"]

1. e4 c6 2. d4 d5 3. Nc3 dxe4 4. Nxe4 Nf6 5. Nxf6+ gxf6 6. c3 Bf5 7. Nf3 e6 8.
g3 h5 9. Nh4 Be4 10. f3 Bh7 11. Bg2 Be7 12. f4 f5 13. Nf3 Nd7 14. Qe2 h4 15.
gxh4 Bxh4+ 16. Nxh4 Qxh4+ 17. Qf2 Bg6 18. Be3 Nf6 19. Qxh4 Rxh4 20. Bf2 Rh7 21.
O-O O-O-O 22. d5 Nxd5 23. Bxa7 Bh5 24. Rf2 Rg8 25. Bd4 Rg4 26. Raf1 Bg6 27. c4
Nc7 28. Rd2 Bh5 29. h3 Rg8 30. Kh2 Rd8 31. Rff2 Ne8 32. Bb6 Rd7 33. Rxd7 Kxd7
34. Rd2+ Ke7 35. Bc5+ Kf6 36. Rd7 Kg6 37. Rxb7 Be2 38. Bxc6 Nf6 39. Bd4 Bf1 40.
Bxf6 Kxf6 41. c5 Rxh3+ 42. Kg1 Bc4 43. Bg2 Rg3 44. Rd7 Bd5 45. Rxd5 exd5 46.
Kf2 Rd3 47. Ke2 Rd4 48. Ke3 Rc4 49. Bxd5 Rxc5 50. Kd4 Rc2 51. b4 Ke7 52. Ke5
Rd2 53. Bb3 f6+ 54. Kxf5 Rd4 55. b5 Rb4 56. Kg4 Rxb5 57. f5 1/2-1/2

[Event "Veteranen Seniorenkampioenschap 2009"]
[Site "Oosterbeek, Netherlands"]
[Date "2009.07.11"]
[Round "1"]
[White "Boer, Jacob de"]
[Black "Monte, Peter"]
[Result "1/2-1/2"]
[WhiteElo "1905"]
[BlackElo "2048"]
[PlyCount "57"]
[EventDate "2009.??.??"]

1. d4 f5 2. c4 Nf6 3. Nc3 e6 4. Nf3 Be7 5. g3 d6 6. Bg2 O-O 7. O-O Qe8 8. Qc2
Qh5 9. Bg5 Nc6 10. Bxf6 Bxf6 11. Rad1 g5 12. d5 Nb4 13. Qb3 Na6 14. dxe6 Nc5
15. Qc2 Nxe6 16. Nd5 Bd8 17. b4 f4 18. gxf4 gxf4 19. Kh1 Ng7 20. Nd4 c6 21. Bf3
Qh4 22. Nc3 Rf6 23. Rg1 Bb6 24. Qe4 Bxd4 25. Qe7 Qxh2+ 26. Kxh2 Rh6+ 27. Bh5
Rxh5+ 28. Kg2 Bxc3 29. Rxd6 1/2-1/2

[Event "Veteranen Seniorenkampioenschap 2009"]
[Site "Oosterbeek, Netherlands"]
[Date "2009.07.11"]
[Round "1"]
[White "Mostertman, Loek"]
[Black "Peut, Aart van de"]
[Result "1/2-1/2"]
[WhiteElo "2046"]
[BlackElo "1904"]
[PlyCount "85"]
[EventDate "2009.??.??"]

1. e4 e6 2. d4 d5 3. Nc3 Bb4 4. e5 Ne7 5. Bd2 O-O 6. a3 Bxc3 7. Bxc3 Ng6 8. h4
c5 9. h5 Ne7 10. dxc5 Nbc6 11. Nf3 b6 12. cxb6 Qxb6 13. Bd4 Nxd4 14. Qxd4 Rb8
15. Qxb6 Rxb6 16. O-O-O Ba6 17. Bxa6 Rxa6 18. Nd4 Nc6 19. f4 Nxd4 20. Rxd4 f6
21. exf6 gxf6 22. Rh3 Rc8 23. f5 Rac6 24. c3 Kf7 25. fxe6+ Kxe6 26. Re3+ Kd6
27. Rf3 Ke6 28. Rdf4 Kf7 29. Kd2 Re8 30. Rf5 Rd6 31. Rd3 Re5 32. Rxe5 fxe5 33.
c4 d4 34. Rf3+ Ke6 35. Kd3 Rb6 36. b4 Rc6 37. Rf8 Rc7 38. h6 Rc6 39. g4 Ra6 40.
Rh8 Rxa3+ 41. Kd2 Ra2+ 42. Kd3 Ra3+ 43. Kd2 1/2-1/2

[Event "Veteranen Seniorenkampioenschap 2009"]
[Site "Oosterbeek, Netherlands"]
[Date "2009.07.11"]
[Round "1"]
[White "Popta, Hette van"]
[Black "Caspel, Ruud van"]
[Result "1/2-1/2"]
[WhiteElo "1902"]
[BlackElo "2027"]
[PlyCount "51"]
[EventDate "2009.??.??"]

1. e4 c6 2. d4 d5 3. exd5 cxd5 4. c4 Nf6 5. Nc3 Nc6 6. Nf3 Bg4 7. cxd5 Nxd5 8.
Qb3 Nb6 9. Be3 Be6 10. Qd1 Bd5 11. Bd3 g6 12. O-O Bg7 13. Be4 O-O 14. Nxd5 Nxd5
15. Qb3 Nxe3 16. fxe3 Qb6 17. Rfc1 Nxd4 18. exd4 Bxd4+ 19. Kh1 Bxb2 20. Bxb7
Qxb3 21. axb3 Rab8 22. Bd5 Bxc1 23. Rxc1 Rfc8 24. Bc4 Kg7 25. Ra1 Rc7 26. Kg1
1/2-1/2

[Event "Veteranen Seniorenkampioenschap 2009"]
[Site "Oosterbeek, Netherlands"]
[Date "2009.07.11"]
[Round "1"]
[White "Haitsma, Anne"]
[Black "Velker, Wim"]
[Result "1/2-1/2"]
[WhiteElo "2025"]
[BlackElo "1900"]
[PlyCount "90"]
[EventDate "2009.??.??"]

1. d4 e6 2. c4 f5 3. Nf3 Nf6 4. g3 Bb4+ 5. Bd2 a5 6. Bg2 O-O 7. O-O Bxd2 8.
Qxd2 Ne4 9. Qc2 Qe7 10. Nc3 d5 11. Ne5 Nxc3 12. Qxc3 c6 13. e3 Nd7 14. Nd3 Nf6
15. b3 Bd7 16. f3 b5 17. Ne5 Rfc8 18. Rfc1 b4 19. Qd3 Be8 20. Bh3 Nd7 21. Nxd7
Bxd7 22. Re1 a4 23. c5 Qg5 24. Qd2 Rcb8 25. Bf1 Qd8 26. Bd3 Qa5 27. Qb2 e5 28.
bxa4 Qxa4 29. Bc2 Qa5 30. Bb3 e4 31. Qg2 Kh8 32. Rf1 Rf8 33. f4 Bc8 34. Rfb1
Ba6 35. Rb2 Bd3 36. Qd2 Rfb8 37. Rc1 Qb5 38. h3 h6 39. Kf2 Ra3 40. g4 fxg4 41.
hxg4 Bc4 42. Rcb1 Bxb3 43. Rxb3 Rxb3 44. Rxb3 Qc4 45. Rb2 Kh7 1/2-1/2

[Event "Veteranen Seniorenkampioenschap 2009"]
[Site "Oosterbeek, Netherlands"]
[Date "2009.07.11"]
[Round "1"]
[White "Tulfer, Paul"]
[Black "Goossen, Theo"]
[Result "0-1"]
[WhiteElo "1887"]
[BlackElo "2014"]
[PlyCount "88"]
[EventDate "2009.??.??"]

1. e4 c5 2. Nf3 a6 3. c3 d5 4. exd5 Qxd5 5. d4 Nc6 6. Be2 e6 7. O-O Nf6 8. Bg5
cxd4 9. cxd4 Be7 10. Nc3 Qa5 11. a3 Nd5 12. Bxe7 Ncxe7 13. Nxd5 Nxd5 14. Ne5 f6
15. Nc4 Qd8 16. Bf3 Rb8 17. Rc1 O-O 18. Qb3 Kh8 19. Ne3 Nf4 20. Rfd1 b5 21. d5
e5 22. d6 Be6 23. Qb4 Rc8 24. d7 Rxc1 25. Rxc1 Bc4 26. b3 Nd3 27. Qc3 Nxc1 28.
bxc4 e4 29. Bd1 Nd3 30. cxb5 axb5 31. Bg4 Ne5 32. Qc5 Nxg4 33. Nxg4 Rf7 34.
Qxb5 Rxd7 35. g3 Rd5 36. Qb7 h5 37. Ne3 Re5 38. a4 Qd4 39. Qa8+ Kh7 40. a5 h4
41. gxh4 f5 42. Qf8 Rxa5 43. Nxf5 Qd1+ 44. Kg2 Qf3+ 0-1

[Event "Veteranen Seniorenkampioenschap 2009"]
[Site "Oosterbeek, Netherlands"]
[Date "2009.07.12"]
[Round "2"]
[White "Vogel, Jaap"]
[Black "Etmans, Maarten"]
[Result "1-0"]
[WhiteElo "2231"]
[BlackElo "2118"]
[PlyCount "117"]
[EventDate "2009.??.??"]

1. d4 d5 2. Nf3 Nc6 3. c4 Bg4 4. Nc3 Bxf3 5. gxf3 e6 6. Bf4 Nf6 7. e3 Bd6 8.
Bg3 Bxg3 9. hxg3 O-O 10. f4 g6 11. g4 Ne4 12. Nxe4 dxe4 13. Qc2 f5 14. g5 Qe7
15. a3 Nd8 16. c5 b6 17. Rc1 Nf7 18. b4 c6 19. Bc4 b5 20. Bb3 Rfe8 21. Ke2 a6
22. Qc3 Ra7 23. Ra1 Rea8 24. a4 Nd8 25. Ra2 Rb8 26. axb5 axb5 27. Rxa7 Qxa7 28.
Ra1 Qg7 29. Qe1 h6 30. gxh6 Qxh6 31. Qg1 Qh5+ 32. Kd2 Qh7 33. Qg5 Qg7 34. Ra6
Kf8 35. Qh4 Rc8 36. Ke2 Rb8 37. f3 exf3+ 38. Kxf3 Rc8 39. Kf2 Rb8 40. Bd1 Rc8
41. Bf3 Kg8 42. Qg5 Kf8 43. Qg2 Qh7 44. Kg3 Qb7 45. Qa2 Qe7 46. Qh2 Kg8 47. Qh6
Qf7 48. e4 Qf6 49. e5 Qf7 50. Kf2 Qg7 51. Qh4 Qd7 52. Ke3 Nf7 53. Qf6 Rd8 54.
d5 exd5 55. Kd4 Re8 56. Rxc6 Qa7 57. Ra6 Qc7 58. Bxd5 Rd8 59. Rd6 1-0

[Event "Veteranen Seniorenkampioenschap 2009"]
[Site "Oosterbeek, Netherlands"]
[Date "2009.07.12"]
[Round "2"]
[White "Goossen, Theo"]
[Black "Berg, Ad van den"]
[Result "1-0"]
[WhiteElo "2014"]
[BlackElo "2185"]
[PlyCount "121"]
[EventDate "2009.??.??"]

1. e4 c5 2. Nf3 Nc6 3. d4 cxd4 4. Nxd4 Nf6 5. Nc3 d6 6. g3 g6 7. Bg2 Nxd4 8.
Qxd4 Bg7 9. O-O O-O 10. h3 Be6 11. Qe3 Qc8 12. g4 h5 13. g5 Nd7 14. f4 Bxc3 15.
bxc3 Qc5 16. Kh2 Rac8 17. Rf3 Qxe3 18. Rxe3 Rc7 19. a4 Rcc8 20. Bd2 Nb6 21. Bf1
Bc4 22. a5 Nd7 23. Bd3 Rc5 24. Ree1 Rb5 25. Kg3 Bxd3 26. cxd3 Rb2 27. Red1 Nc5
28. Be1 h4+ 29. Kf3 Rh2 30. Bxh4 Nb3 31. Rh1 Rc8 32. Kg3 Rxc3 33. Rxh2 Rxd3+
34. Kg4 Nxa1 35. Ra2 Nb3 36. a6 b6 37. Bf2 Nc5 38. h4 Nxe4 39. h5 gxh5+ 40.
Kxh5 Rh3+ 41. Kg4 Rh2 42. Re2 Nxf2+ 43. Kg3 Rh3+ 44. Kg2 Ra3 45. Rxe7 Rxa6 46.
Kxf2 Ra3 47. Rd7 b5 48. Rxd6 b4 49. Ke2 a5 50. Rb6 b3 51. Kd3 a4 52. g6 f5 53.
Rb5 b2+ 54. Kc2 Rb3 55. Rxb3 axb3+ 56. Kxb2 Kg7 57. Kxb3 Kxg6 58. Kc4 Kh5 59.
Kd5 Kh4 60. Ke6 Kg4 61. Ke5 1-0

[Event "Veteranen Seniorenkampioenschap 2009"]
[Site "Oosterbeek, Netherlands"]
[Date "2009.07.12"]
[Round "2"]
[White "Thieme, Wim"]
[Black "Oosten, Arend van"]
[Result "1/2-1/2"]
[WhiteElo "1895"]
[BlackElo "2129"]
[PlyCount "111"]
[EventDate "2009.??.??"]

1. d4 d5 2. c4 e6 3. Nc3 c5 4. Nf3 Nc6 5. e3 Nf6 6. a3 a6 7. dxc5 Bxc5 8. b4
Be7 9. c5 O-O 10. Bb2 e5 11. Be2 Be6 12. O-O Qc7 13. Qc2 h6 14. Rfd1 Rad8 15.
Rd2 e4 16. Nd4 Bg4 17. Nxc6 Qxc6 18. h3 Be6 19. Bf1 b6 20. cxb6 Qxb6 21. Na4
Qd6 22. Bd4 Nd7 23. Nc5 Rc8 24. Qa4 Nxc5 25. Bxc5 Rxc5 26. bxc5 Qxc5 27. Rc2
Qd6 28. Rac1 Qxa3 29. Qxa3 Bxa3 30. Ra1 Be7 31. Rxa6 Bf6 32. Rac6 Rb8 33. Ba6
d4 34. exd4 Bxd4 35. Bc4 Rb1+ 36. Bf1 e3 37. Rc1 exf2+ 38. Kh2 Rb4 39. Bd3 g5
40. Rd1 Be5+ 41. g3 Kg7 42. Rcc1 h5 43. Kg2 Bd4 44. Be2 g4 45. hxg4 hxg4 46.
Rb1 Rxb1 47. Rxb1 Kf6 48. Rb5 Ke7 49. Rb4 Bc5 50. Rf4 f5 51. Rxf2 Bxf2 52. Kxf2
Kd6 53. Ke3 Ke5 54. Bd3 Bd5 55. Be2 Be4 56. Bc4 1/2-1/2

[Event "Veteranen Seniorenkampioenschap 2009"]
[Site "Oosterbeek, Netherlands"]
[Date "2009.07.12"]
[Round "2"]
[White "Wouters, Jan"]
[Black "Jonkman, Fokke"]
[Result "1/2-1/2"]
[WhiteElo "1908"]
[BlackElo "2068"]
[PlyCount "96"]
[EventDate "2009.??.??"]

1. e4 c5 2. c3 e6 3. d4 d5 4. e5 Nc6 5. Nf3 Qb6 6. a3 a5 7. g3 Bd7 8. h4 a4 9.
Bh3 Na5 10. Nbd2 f6 11. O-O Nh6 12. Re1 O-O-O 13. Nf1 Nf7 14. exf6 gxf6 15. Ne3
Nb3 16. Rb1 c4 17. Qe2 Nxc1 18. Rbxc1 Bh6 19. Rb1 Bxe3 20. Qxe3 Rhe8 21. Qf4
Nd6 22. Nd2 f5 23. Bg2 Rf8 24. Nf3 Ne4 25. Ne5 Nf6 26. Qh6 Qc7 27. Qg7 Bb5 28.
Qxc7+ Kxc7 29. Bf3 Be8 30. Re2 Rd6 31. Rbe1 Rb6 32. Rd2 Bh5 33. Bxh5 Nxh5 34.
Rde2 Ng7 35. Nf3 h6 36. Ne5 Rf6 37. f4 Kd6 38. Kh2 Nh5 39. Rg2 Ra6 40. Nf3 Ra8
41. Ne5 Rg8 42. Reg1 Rg7 43. Rf1 Rf8 44. Rfg1 Rfg8 45. Kh3 Ke7 46. Kh2 Nf6 47.
Kh3 Nh5 48. Kh2 Nf6 1/2-1/2

[Event "Veteranen Seniorenkampioenschap 2009"]
[Site "Oosterbeek, Netherlands"]
[Date "2009.07.12"]
[Round "2"]
[White "Herck, Marcel Van"]
[Black "Boer, Jacob de"]
[Result "1/2-1/2"]
[WhiteElo "2067"]
[BlackElo "1905"]
[PlyCount "60"]
[EventDate "2009.??.??"]

1. e4 e6 2. d4 d5 3. Nc3 Bb4 4. Nge2 dxe4 5. a3 Be7 6. Nxe4 Nf6 7. Qd3 b6 8. c4
Bb7 9. N2c3 Nbd7 10. Bf4 Nxe4 11. Nxe4 Nf6 12. Nc3 Nh5 13. Be3 Bg5 14. Qd2 Bxe3
15. fxe3 Qh4+ 16. Qf2 Qxf2+ 17. Kxf2 Nf6 18. Be2 Ne4+ 19. Nxe4 Bxe4 20. Bf3
Bxf3 21. gxf3 O-O-O 22. Rhd1 a5 23. b4 axb4 24. axb4 Kb7 25. Rg1 g6 26. Ra2 Ra8
27. Rga1 Rxa2+ 28. Rxa2 Rd8 29. Ke2 b5 30. c5 Rd5 1/2-1/2

[Event "Veteranen Seniorenkampioenschap 2009"]
[Site "Oosterbeek, Netherlands"]
[Date "2009.07.12"]
[Round "2"]
[White "Rooi, Paul de"]
[Black "Leeuwen, Etienne van"]
[Result "0-1"]
[WhiteElo "1935"]
[BlackElo "2067"]
[PlyCount "58"]
[EventDate "2009.??.??"]

1. e4 d5 2. exd5 Nf6 3. Nc3 Nxd5 4. Bc4 c6 5. Qf3 Be6 6. Nge2 Nd7 7. Bxd5 cxd5
8. Nd4 Nf6 9. Nxe6 fxe6 10. d4 Rc8 11. O-O g6 12. Re1 Rc6 13. Qh3 Qb6 14. Qh4
Bg7 15. Be3 Qxb2 16. Na4 Qxc2 17. Nc5 b6 18. Nb3 Qe4 19. Bf4 Qf5 20. f3 O-O 21.
Re5 Qd3 22. Re3 Qa6 23. Qe1 Qc8 24. Be5 Nh5 25. g4 Nf4 26. Bxg7 Kxg7 27. Qh4
Rf7 28. Qe1 Rc2 29. Rc1 Ng2 0-1

[Event "Veteranen Seniorenkampioenschap 2009"]
[Site "Oosterbeek, Netherlands"]
[Date "2009.07.12"]
[Round "2"]
[White "Monte, Peter"]
[Black "Popta, Hette van"]
[Result "1-0"]
[WhiteElo "2048"]
[BlackElo "1902"]
[PlyCount "75"]
[EventDate "2009.??.??"]

1. f4 d5 2. Nf3 Nc6 3. e3 Bg4 4. d4 Nf6 5. Be2 Bxf3 6. Bxf3 g6 7. Nd2 Bg7 8.
O-O O-O 9. c3 Qd7 10. e4 dxe4 11. Nxe4 Nxe4 12. Bxe4 Na5 13. Qf3 c5 14. dxc5
Rab8 15. Be3 Nc4 16. Rf2 Nxe3 17. Qxe3 Rfd8 18. f5 Rf8 19. Raf1 gxf5 20. Bxf5
e6 21. Bc2 Rbe8 22. Rf4 Qe7 23. R4f3 h6 24. b4 a5 25. Rg3 Kh8 26. Rh3 f5 27.
Re1 Qf6 28. Rd1 Rd8 29. Re1 axb4 30. cxb4 Rfe8 31. Rf3 Qb2 32. Qb3 Qd4+ 33. Kf1
Qh4 34. h3 Qf6 35. a4 Rd5 36. Qxd5 exd5 37. Rxe8+ Bf8 38. Rxf5 1-0

[Event "Veteranen Seniorenkampioenschap 2009"]
[Site "Oosterbeek, Netherlands"]
[Date "2009.07.12"]
[Round "2"]
[White "Velker, Wim"]
[Black "Mostertman, Loek"]
[Result "1/2-1/2"]
[WhiteElo "1900"]
[BlackElo "2046"]
[PlyCount "102"]
[EventDate "2009.??.??"]

1. e4 d5 2. Nc3 dxe4 3. Nxe4 e5 4. Bc4 Nc6 5. Nf3 Bf5 6. Ng3 Bg6 7. d3 Qd7 8.
O-O O-O-O 9. Re1 f6 10. Bd2 h5 11. h4 Nh6 12. b4 Ng4 13. Ne4 Nxb4 14. Qb1 Qa4
15. a3 Nxc2 16. Bb5 Nxa3 17. Bxa4 Nxb1 18. Rexb1 Rxd3 19. Bc2 Bxe4 20. Rxa7 b6
21. Bxd3 Bxd3 22. Rc1 c5 23. Rca1 Be4 24. R1a6 c4 25. Nh2 Bc5 26. Nxg4 hxg4 27.
Ra8+ Bxa8 28. Rxa8+ Kb7 29. Rxh8 b5 30. Kf1 b4 31. Ke2 c3 32. Bxc3 bxc3 33. f3
gxf3+ 34. gxf3 Bd4 35. Rg8 Kc6 36. Rxg7 f5 37. Kd3 Kc5 38. Re7 Kd6 39. Rb7 e4+
40. fxe4 fxe4+ 41. Kc2 e3 42. Kd3 c2 43. Kxc2 e2 44. Kd2 Bf2 45. Kxe2 Bxh4 46.
Kd3 Bf6 47. Rb6+ Ke5 48. Rb5+ Kf4 49. Ra5 Be5 50. Ra4+ Kf5 51. Ke3 Bb2 1/2-1/2

[Event "Veteranen Seniorenkampioenschap 2009"]
[Site "Oosterbeek, Netherlands"]
[Date "2009.07.12"]
[Round "2"]
[White "Caspel, Ruud van"]
[Black "Bremer, Bertus"]
[Result "1-0"]
[WhiteElo "2027"]
[BlackElo "1932"]
[PlyCount "97"]
[EventDate "2009.??.??"]

1. d4 Nf6 2. c4 e6 3. Nc3 b6 4. Nf3 Ba6 5. e4 Bb4 6. e5 Ne4 7. Qc2 f5 8. Bd3
Bb7 9. O-O Nxc3 10. bxc3 Bxf3 11. cxb4 Bh5 12. d5 O-O 13. Bb2 Qe7 14. b5 Qf7
15. a4 Kh8 16. d6 c6 17. a5 bxa5 18. Rxa5 Qe8 19. Rfa1 Qg6 20. Be2 Bxe2 21.
Qxe2 f4 22. f3 cxb5 23. cxb5 Rc8 24. Qe4 Rc2 25. Qxg6 hxg6 26. Bd4 a6 27. Bb6
Rb2 28. Bc7 Kh7 29. R1a2 Rb3 30. Kf2 g5 31. g4 Kg6 32. bxa6 Nc6 33. R5a3 Rb1
34. Rc2 Nd4 35. Rd2 Nb5 36. Ra5 Nc3 37. a7 Nb5 38. Bb8 Nc3 39. Rc5 Nd1+ 40. Ke2
Ne3 41. Rc7 Rh1 42. Kd3 Rb1 43. Rxd7 Rb3+ 44. Ke2 Nc4 45. Re7 Re3+ 46. Kd1 Nxd2
47. d7 Rd3 48. Rxe6+ Kf7 49. Rd6 1-0

[Event "Veteranen Seniorenkampioenschap 2009"]
[Site "Oosterbeek, Netherlands"]
[Date "2009.07.12"]
[Round "2"]
[White "Peut, Aart van de"]
[Black "Haitsma, Anne"]
[Result "1/2-1/2"]
[WhiteElo "1904"]
[BlackElo "2025"]
[PlyCount "65"]
[EventDate "2009.??.??"]

1. e4 e5 2. Nc3 Nf6 3. Bc4 Nxe4 4. Qh5 Nd6 5. Bb3 Nc6 6. Nb5 g6 7. Qf3 f5 8.
Qd5 Qe7 9. Nxc7+ Kd8 10. Nxa8 b6 11. d3 Bb7 12. h4 f4 13. Qf3 Nd4 14. Qg4 Bg7
15. Bd2 Bxa8 16. O-O-O N6f5 17. Re1 Nh6 18. Qh3 Qc5 19. Ne2 Nxb3+ 20. axb3 Qxf2
21. Rh2 Qc5 22. Bc3 Nf5 23. g4 Ne3 24. Nxf4 exf4 25. Bxg7 Re8 26. Bc3 Bd5 27.
Rhe2 Qc6 28. Rxe3 fxe3 29. Rxe3 Rxe3 30. Qxe3 Be6 31. g5 Qh1+ 32. Qe1 Qxe1+ 33.
Bxe1 1/2-1/2

[Event "Veteranen Seniorenkampioenschap 2009"]
[Site "Oosterbeek, Netherlands"]
[Date "2009.07.12"]
[Round "2"]
[White "Calje, Tom"]
[Black "Landsbergen, Ron"]
[Result "1-0"]
[WhiteElo "1947"]
[BlackElo "2002"]
[PlyCount "47"]
[EventDate "2009.??.??"]

1. g3 d5 2. Bg2 e5 3. d3 Nf6 4. Nd2 Nc6 5. a3 Bc5 6. e3 a5 7. b3 Qe7 8. Bb2 Bg4
9. Ne2 O-O 10. h3 Be6 11. O-O Rad8 12. d4 exd4 13. Nxd4 Nxd4 14. Bxd4 Bd6 15.
Bb2 c5 16. Qe2 Bd7 17. c4 d4 18. Rfe1 Rfe8 19. Qd3 Bc6 20. Bxc6 bxc6 21. Nf3
Qc7 22. Kg2 dxe3 23. Rxe3 Bxg3 24. Bxf6 1-0

[Event "Veteranen Seniorenkampioenschap 2009"]
[Site "Oosterbeek, Netherlands"]
[Date "2009.07.12"]
[Round "2"]
[White "Plijter, Martin"]
[Black "Scholten, Karel"]
[Result "1/2-1/2"]
[WhiteElo "1984"]
[BlackElo "1944"]
[PlyCount "109"]
[EventDate "2009.??.??"]

1. e4 c5 2. Nf3 d6 3. d4 cxd4 4. Nxd4 Nf6 5. Nc3 a6 6. Be2 e5 7. Nb3 Be7 8. O-O
O-O 9. Be3 Be6 10. f4 exf4 11. Bxf4 Nc6 12. Qd2 Ne5 13. h3 Rc8 14. Rad1 b5 15.
Qe3 Qc7 16. Qg3 b4 17. Nd5 Nxe4 18. Nxe7+ Qxe7 19. Qe3 Nf6 20. Bxe5 Bxb3 21.
Rxd6 Rce8 22. axb3 Qxd6 23. Bxd6 Rxe3 24. Bxf8 Rxe2 25. Bxb4 Rxc2 26. Rd1 h6
27. Rd8+ Kh7 28. Bc3 Rc1+ 29. Kh2 Ne4 30. Bb4 Rc6 31. Rd4 f5 32. Rc4 Re6 33.
Bc3 g5 34. Rc7+ Kg6 35. g4 fxg4 36. hxg4 h5 37. gxh5+ Kxh5 38. Rh7+ Kg4 39. Kg2
Nd6 40. Kf2 Ne4+ 41. Kg2 Rc6 42. Rh3 Re6 43. Re3 Kf5 44. Rf3+ Kg6 45. b4 g4 46.
Rf8 Kg5 47. Rf7 Nf6 48. Rg7+ Kf5 49. Bxf6 Rxf6 50. Kg3 Rd6 51. Rxg4 Rd3+ 52.
Kh4 Rb3 53. Rg5+ Kf6 54. Ra5 Rxb4+ 55. Kg3 1/2-1/2

[Event "Veteranen Seniorenkampioenschap 2009"]
[Site "Oosterbeek, Netherlands"]
[Date "2009.07.12"]
[Round "2"]
[White "Tulfer, Paul"]
[Black "Wilmink, Jan"]
[Result "1-0"]
[WhiteElo "1887"]
[BlackElo "1973"]
[PlyCount "61"]
[EventDate "2009.??.??"]

1. e4 c5 2. Nf3 d6 3. d4 cxd4 4. Nxd4 Nf6 5. Nc3 g6 6. Be3 Bg7 7. f3 O-O 8. Qd2
Nc6 9. Bc4 Bd7 10. Bb3 Qa5 11. O-O-O Rfc8 12. h4 Ne5 13. Kb1 Nc4 14. Bxc4 Rxc4
15. Nb3 Qc7 16. Bg5 Be6 17. Nb5 Qb6 18. N5d4 Rac8 19. c3 a5 20. Be3 Qc7 21.
Nxe6 fxe6 22. h5 Nxh5 23. g4 Nf6 24. Bh6 b5 25. Bxg7 Kxg7 26. Qh6+ Kg8 27. g5
Nh5 28. Rxh5 gxh5 29. g6 hxg6 30. Qxg6+ Kf8 31. Rg1 1-0